000 00771nam a2200241 a 4500
001
003 DO-SdBNP
005 20230221115506.0
008 110517s2021 dr ac 000 0 spa d
020 _a9789945098747
040 _aBPMSU
_bspa
_cBPMSU
082 4 _aRD863.44
_bS237h 2021
_2 22
100 1 _aSantos, Dulce Elvira de los
245 1 3 _aEl hombrecito de la luz /
_cDulce Elvira de los Santos ; ilustraciones Afredo Costará.
260 _aSanto Domingo :
_bEditora Búho,
_c2021
300 _a39 p. :
_bil., retrs. ;
_c20 cm.
590 _6Inventariado, 2023/VM
650 4 _aCuentos infantiles dominicanos
650 4 _aLliteratura infantil dominicana
700 1 _aCostará, Afredo
_eil.
910 _aVMateo V. Validado. Control de calidad
942 _2ddc
_cBK
999 _c14362
_d14362